Placenames of Tokyo - Statistics

General Stats
  • This quiz has been taken 151 times
  • The average score is 15 of 20
Answer Stats
Hint Answer % Correct
渋谷 Shibuya
95%
新宿 Shinjuku
93%
上野 Ueno
86%
目黒 Meguro
84%
六本木 Roppongi
84%
池袋 Ikebukuro
83%
銀座 Ginza
81%
品川 Shinagawa
81%
代々木 Yoyogi
75%
浅草 Asakusa
74%
赤羽 Akabane
72%
赤坂 Akasaka
72%
有楽町 Yurakucho
71%
八王子 Hachioji
70%
高田馬場 Takadanobaba
69%
王子 Oji
67%
恵比寿 Ebisu
63%
高尾 Takao
63%
駒込 Komagome
51%
築地 Tsukiji
47%
No matching quizzes found
Score Distribution
Percent of People with Each Score
Percentile by Number Answered
Your Score History
You have not taken this quiz